Normal view
MARC view
- Chudary, Barkat Ali
Entry Personal Name
001 - CONTROL NUMBER
- control field: 14462
003 - CONTROL NUMBER IDENTIFIER
- control field: NUST
005 - DATE AND TIME OF LATEST TRANSACTION
- control field: 20190521064735.0
008 - FIXED-LENGTH DATA ELEMENTS
- fixed length control field: 190521|| aca||aabn | a|a d
040 ## - CATALOGING SOURCE
- Original cataloging agency: NUST
- Transcribing agency: NUST
100 ## - HEADING--PERSONAL NAME
- Personal name: Chudary, Barkat Ali
670 ## - SOURCE DATA FOUND
- Source citation: Work cat.: (NUST): Chudary, Barkat Ali, Mahanama Adab Latif /, 2015.
